Uchchattar madhyamik samajtattwa : (Record no. 8426)
[ view plain ]
| 000 -LEADER | |
|---|---|
| fixed length control field | 00705cam a2200229ua 4500 |
| 005 - DATE AND TIME OF LATEST TRANSACTION | |
| control field | 20230909154856.0 |
| 008 - FIXED-LENGTH DATA ELEMENTS--GENERAL INFORMATION | |
| fixed length control field | 150813n ii |||gr||||Z||||||asm |
| 020 ## - INTERNATIONAL STANDARD BOOK NUMBER | |
| International Standard Book Number | 9788173394874 |
| 040 ## - CATALOGING SOURCE | |
| Transcribing agency | MAIN |
| Original cataloging agency | IN-DiNC |
| 041 ## - LANGUAGE CODE | |
| Language code of sung or spoken text | Assamese |
| 082 ## - DEWEY DECIMAL CLASSIFICATION NUMBER | |
| Classification number | 301 |
| Item number | SAI |
| 100 ## - MAIN ENTRY--PERSONAL NAME | |
| Personal name | Saikia, Utpal, |
| Relator term | Author |
| 245 1# - TITLE STATEMENT | |
| Title | Uchchattar madhyamik samajtattwa : |
| Remainder of title | samajtattwa parichay aru samajbodh (pratham barshikar babe) / |
| Statement of responsibility, etc. | by Utpal Saikia and Mridul Saikia |
| 250 ## - EDITION STATEMENT | |
| Edition statement | 1st ed. |
| 260 ## - PUBLICATION, DISTRIBUTION, ETC. | |
| Place of publication, distribution, etc. | Dibrugarh: |
| Name of publisher, distributor, etc. | Banalata, |
| Date of publication, distribution, etc. | 2010. |
| 300 ## - PHYSICAL DESCRIPTION | |
| Extent | 238p. |
| 650 ## - SUBJECT ADDED ENTRY--TOPICAL TERM | |
| Topical term or geographic name entry element | Sociology for class XI |
| 700 ## - ADDED ENTRY--PERSONAL NAME | |
| Personal name | Saikia, Mridul, |
| Relator term | Author |
| 942 ## - ADDED ENTRY ELEMENTS (KOHA) | |
| Koha item type | Books |
| Source of classification or shelving scheme | Dewey Decimal Classification |
| 653 ## - INDEX TERM--UNCONTROLLED | |
| Uncontrolled term | Sociology & anthropology |
| 653 ## - INDEX TERM--UNCONTROLLED | |
| Uncontrolled term | Sociology for HS 1st year |
| Withdrawn status | Lost status | Damaged status | Not for loan | Home library | Current library | Date acquired | Total Checkouts | Full call number | Barcode | Date last seen | Copy number | Price effective from | Koha item type | Source of classification or shelving scheme | Collection code | Shelving location | Cost, normal purchase price | Date last checked out |
|---|---|---|---|---|---|---|---|---|---|---|---|---|---|---|---|---|---|---|
| Central Library, Naharkatiya College | Central Library, Naharkatiya College | 19/09/2020 | 301 | SAI | 19744 | 19/09/2020 | 1 | 19/09/2020 | Books | ||||||||||
| Central Library, Naharkatiya College | Central Library, Naharkatiya College | 19/09/2020 | 19 | 301 | SAI | 19745 | 04/11/2025 | 2 | 19/09/2020 | Books | Dewey Decimal Classification | Sociology | General Stacks | 110.00 | 01/11/2025 | ||||
| Central Library, Naharkatiya College | Central Library, Naharkatiya College | 07/12/2020 | 21 | 301 SAI | 19746 | 24/01/2024 | 3 | 07/12/2020 | Books | Dewey Decimal Classification | Sociology | General Stacks | 110.00 | 29/12/2023 |
